000 00549pam a2200181 a 4500
020 _a0781730919X
_c2505.40
041 _aeng
_hNULL
082 _a617.3
_bLIB
100 _aLIEBER, R.L.
245 _aSKELETAL MUSCLE STRUCTURE,FUNCTIONS & PLASTICITY : THE PHYSIOLOGICAL BASIS OF REHABILITATION /
_cNULL.
_hTextual Documents
250 _a2 ED /
_b.
260 _aNULL :
_bLIPPINCOTT WILLIAMS & WILKINS ,
_c2002.
300 _a369 : :
_bXII ; ;
_cA4 . +
_eHB.
365 _a2505.40
930 _a2282
999 _c796818
_d796818
650 _aORTHO